000
00228nam a2200085Ia 4500
245
0
_a
Adventures in toyland
100
_a
Neubronner, Marion Singapore, [c.2009]
942
_c
BK
008
210819s9999 xx 000 0 und d
999
_c
311451
_d
311448